Sistema endocrino y enfermedades metabólicas (Registro nro. 79323)
[ vista simple ]
| 000 -ENCABEZADO | |
|---|---|
| Número de control [NR] | 01034nam a2200253Ia 4500 |
| 008 - DE LONGITUD FIJA DE DATOS DE ELEMENTOS - INFORMACIÓN GENERAL | |
| Elementos de longitud fija [NR] | 130821s1980 sp a gr spa |
| 020 ## - NUMERO INTERNACIONAL NORMALIZADO PARA LIBROS [R] | |
| Número Internacional Normalizado del libro [NR] | 8434514451 (v. 4) |
| 040 ## - FUENTE DE CATALOGACION [NR] | |
| Agencia de catalogación original [NR] | Co-BoUCM |
| Idioma de catalogación [NR] | spa |
| Quien Cataloga | |
| Quien Clasifica | |
| 041 00 - CODIGO DE IDIOMA [R] | |
| Código de idioma para texto/pista de sonido o título separado [R] | Español |
| 060 00 - SIGNATURA TOPOGRAFICA DE LA BIBLIOTECA NACIONAL DE MEDICINA (NLM) [R] | |
| Número clasificador [R] | WK 17 |
| 100 1# - ASIENTO PRINCIPAL--NOMBRE PERSONAL [NR] | |
| Nombre personal [NR] | Netter, Frank H. |
| Forma más completa del nombre [NR] | (Frank Henry) |
| Fechas asociadas con el nombre [NR] | 1906-1991. |
| ID Autoridad | 34724 |
| 245 10 - MENCION DE TITULO [NR] | |
| Título [NR] | Sistema endocrino y enfermedades metabólicas |
| Mención de responsabilidad, etc. [NR] | Frank H. Netter ; director invitado: Peter H. Forsham |
| 260 ## - PUBLICACION, DISTRIBUCION, ETC. (PIE DE IMPRENTA) [R] | |
| Lugar de publicación, distribución, etc. [R] | Barcelona (España) |
| Nombre del editor, distribuidor, etc. [R] | Salvat |
| Fecha de publicación, distribución, etc. [R] | 1980 |
| 300 ## - DESCRIPCION FISICA [R] | |
| Extensión [R] | 285 páginas |
| Otros detalles físicos [NR] | ilustraciones, gráficas |
| 490 0# - MENCION DE SERIE [R] | |
| Mención de serie [R] | Colección Ciba de ilustraciones médicas |
| 504 ## - NOTA DE BIBLIOGRAFIA, ETC. [R] | |
| Nota de bibliografía, etc. [NR] | Incluye referencias bibliográficas e índices |
| 546 ## - NOTA DE IDIOMA [R] | |
| Nota de idioma [NR] | Trad. de: Endocrine system and selected metabolic diseases, Ardsley : Ciba-Geigy. |
| 650 #7 - ASIENTO SECUNDARIO DE MATERIA - TERMINO TEMATICO [R] | |
| Término temático o nombre geográfico como elemento de entrada [NR] | Enfermedades de las glandulas endocrinas |
| 9 (RLIN) | 14318 |
| 650 #7 - ASIENTO SECUNDARIO DE MATERIA - TERMINO TEMATICO [R] | |
| Término temático o nombre geográfico como elemento de entrada [NR] | Enfermedades metabólicas |
| 9 (RLIN) | 14425 |
| 650 #7 - ASIENTO SECUNDARIO DE MATERIA - TERMINO TEMATICO [R] | |
| Término temático o nombre geográfico como elemento de entrada [NR] | Glandulas endocrinas |
| 9 (RLIN) | 16447 |
| 690 ## - ASUNTO AGREGADO LOCAL DE ENTRADA - TÉRMINO TEMÁTICO (OCLC, RLIN) | |
| Acceso temático local | Endocrinología |
| 700 1# - ASIENTO SECUNDARIO - NOMBRE PERSONAL [R] | |
| Nombre personal [NR] | Forsham, Peter H. |
| 9 (RLIN) | 34733 |
| 942 ## - ELEMENTOS DE ENTRADA AGREGADOS (KOHA) | |
| Tipo de ítem principal el descrito en 300a | Libro |
| Tema principal | Medicina |
| Edición | 8 |
| Parte restante de la signatura top. | N474s |
| Sistema de clasificación | NLM |
| Clasificación | WK 17 |
| Título oculto en OPAC | No |
| Fecha de último préstamo | Total préstamos | Total Renewals | Signatura topográfica | Código de barras | Última vez visto | Volúmen / Fascículo | Ejemplar | Price effective from | Tipo de ítem | Perdido | Sistema de clasificación | Dañado | No prestable | Tipo de ítem específico | Suprimido | Ubicación habitual | Ubicación actual | Localización | Fecha de creación | Forma de adquisición | Costo |
|---|---|---|---|---|---|---|---|---|---|---|---|---|---|---|---|---|---|---|---|---|---|
| 18/08/2016 | 1 | WK 17 N474s | 200016564 | 01/12/2025 | 1980 V.4 | Ej.3 | 03/02/2013 | Libro | NLM | Libro | Hospital Universitario Mayor | Hospital Universitario Mayor | 9no piso | 08/02/2008 | Donación | 26000.00 | |||||
| 30/08/2023 | 87 | 14 | WK 17 N474s | 200015448 | 20/03/2026 | 1980 V.4 | Ej.2 | 03/02/2013 | Libro | NLM | Libro | Quinta de Mutis | Quinta de Mutis | 2do piso | 28/02/2007 | Donación | 26000.00 | ||||
| 10/02/2023 | 200 | 8 | WK 17 N474s | 200000210 | 20/03/2026 | 1980 V.4 | Ej.1 | 03/02/2013 | Libro | NLM | Libro | Quinta de Mutis | Quinta de Mutis | 2do piso | 28/02/2003 | Donación | 0.00 |